Jeux : Citation lettre à lettre - Statistiques

Statistiques générales
  • Ce quiz a été pris 64 fois
  • Le résultat moyen est 9 sur 40
Statistiques - réponses
Lettre Question Réponse % Correct
E Jeu d'évasion (en anglais) Escape game
74%
D Cube de jeu
72%
A Jeux qui se jouaient sur une borne Arcade
56%
U Mise à jour d'un jeu vidéo en anglais Update
56%
L Niveau dans un jeu vidéo Level
54%
F Jeu d'arcade avec billes Flipper
49%
R Ensemble des consignes d'un jeu Règles
49%
S Jeux de lettres sur plateau Scrabble
46%
J Manette de jeu Joystick
40%
O En ligne Online
40%
P Jeu de société équestre (2 mots) Petits chevaux
37%
S Passer au-dessus d'un pion Sauter
37%
S Nombre de points Score
35%
U Jeu de cartes avec chiffres Uno
35%
E Ensemble de joueurs Equipe
33%
S Jeu qui peut vous mettre à nu (2 mots) Strip poker
32%
R Seconde partie Revanche
30%
T Jeu de prévision sur des chevaux Tiercé
30%
D Jeu informatique sur une grille Démineur
28%
U Jeu d'enfant immobilisant (4 mots) Un deux trois soleil
25%
O Ensemble des premiers coups aux échecs Ouverture
19%
E Somme misée Enjeu
9%
L Jeu de chiffres sur tableaux Loto
9%
P Utile à la marelle Palet
7%
S Arrêtez ou continuez Stop ou encore
7%
I Regroupement des éléments permettant au joueur d’interagir avec le jeu Interface
4%
Citation Au jeu d'échecs les fous sont les plus près du roi
2%
E Rejeter des cartes Ecarter
2%
H Type de toupie (anglais) Hand spinner
2%
S Comment terminer un jeu Soluce
2%
C Jeu de casino (3 mots) Chemin de fer
0%
C Jeu de société pour jeunes enfants (3 mots) Cochon qui rit
0%
E Ampleur du conflit dans un jeu de guerre Echelle
0%
E Au reversi se débarrasser d'une certaine carte Esquicher
0%
L Jeu antique Latroncule
0%
N Réussite au 421 Nénette
0%
O Jeu de stratégie Othello
0%
S Jeu de calcul africain Songo
0%
U Mise à niveau d'un élément de jeu en franglais Updrader
0%
U Editeur des jeux Legendary Upper Deck
0%
Aucun quiz correspondant
Distribution des résultats
% des personnes avec chaque résultat
Percentile par nombre de réponses
Votre historique - résultats
Vous n’avez pas pris ce quiz